000 01058nam a2200265 a 4500
001 000017512
005 20240514195118.0
008 100326s2004 dr a r 000 0 spa d
040 _aDO-SdBNP
_bspa
_cBNPHU
082 _a362.83
_bC691c
110 2 _aColectiva Mujer y Salud
_938240
245 1 0 _aConsulta sobre calidad de servicios de salud y violencia :
_btestimonios de mujeres /
_ccoordinadoras Wendy Alba, Sergia Galván.
260 _aSanto Domingo :
_bColectiva Mujer y Salud :
_bFundación Heinrich Böll,
_c2004.
300 _a55 p. :
_bil. ;
_c26 cm.
504 _aBibliografía : p. 55.
590 _aInventariado, 2018/BT
650 4 _aServicios de salud para mujeres
_xInvestigaciones
_938241
650 4 _aTrabajo social con mujeres
_92566
650 0 _aVIOLENCIA CONTRA LA MUJER
_938242
650 0 _a Calidad de vida
_985379
650 4 _aMujeres
_xCuestiones sociales y morales
_xInvestigaciones
_938243
700 1 _aAlba, Wendy,
_ecoord.
_938244
700 1 _aGalván, Sergia,
_ecoord.
_938245
910 _aValidado. Control de calidad. EMS
999 _c17037
_d17037